ISO 9000 and Total Quality Management (Record no. 8589)
[ view plain ]
| 000 -LEADER | |
|---|---|
| fixed length control field | 00428nam a22001337a 4500 |
| 008 - FIXED-LENGTH DATA ELEMENTS--GENERAL INFORMATION | |
| fixed length control field | 200319b ||||| |||| 00| 0 eng d |
| 020 ## - INTERNATIONAL STANDARD BOOK NUMBER | |
| International Standard Book Number | 9788171694839 |
| 100 ## - MAIN ENTRY--PERSONAL NAME | |
| Personal name | SINGH, S. K. |
| 245 ## - TITLE STATEMENT | |
| Title | ISO 9000 and Total Quality Management |
| 250 ## - EDITION STATEMENT | |
| Edition statement | 1st/e, Reprint 2018 |
| 260 ## - PUBLICATION, DISTRIBUTION, ETC. (IMPRINT) | |
| Place of publication, distribution, etc | New Delhi |
| Name of publisher, distributor, etc | Arjun Publishing Hounse |
| 650 ## - SUBJECT ADDED ENTRY--TOPICAL TERM | |
| Topical term or geographic name as entry element | Pharmaceutics- Drug Delivery Systems,Pharmaceutical Engineering regulraty Science |
| 942 ## - ADDED ENTRY ELEMENTS (KOHA) | |
| Source of classification or shelving scheme | Dewey Decimal Classification |
| Koha item type | Text Books |
| Withdrawn status | Lost status | Source of classification or shelving scheme | Damaged status | Not for loan | Collection code | Home library | Current library | Shelving location | Date acquired | Source of acquisition | Currency | Cost, normal purchase price | Bill Number | Total Checkouts | Full call number | Acc. no. / Barcode | Date last seen | Copy number | Actual Cost, discounted price | Bill Date | Koha item type |
|---|---|---|---|---|---|---|---|---|---|---|---|---|---|---|---|---|---|---|---|---|---|
| Dewey Decimal Classification | B.Pharma | PIET C-LIBRARY | PIET C-LIBRARY | Ref. Sec. R01 | 07/01/2020 | Kirti Prakashan | IN Rupees | 1175.00 | IN5980 | 658.4 SII | BP301 | 19/03/2020 | 1 | 940.00 | 07/01/2020 | Reference Books | |||||
| Dewey Decimal Classification | B.Pharma | PIET C-LIBRARY | PIET C-LIBRARY | 07/01/2020 | Kirti Prakashan | IN Rupees | 1175.00 | IN5980 | 658.4 SII | BP302 | 19/03/2020 | 2 | 940.00 | 07/01/2020 | Text Books | ||||||
| Dewey Decimal Classification | B.Pharma | PIET C-LIBRARY | PIET C-LIBRARY | 07/01/2020 | Kirti Prakashan | IN Rupees | 1175.00 | IN5980 | 658.4 SII | BP303 | 19/03/2020 | 3 | 940.00 | 07/01/2020 | Text Books |